00251nam a2200121Ia 45000030006000000080041000060400015000471000013000622450016000752600009000915460012001000050017001120STCL150530s9999 xx 000 0 und d aSTCLcSTCL aIan Watt aJane Austen c1963 aEnglish20220125170857.0